| 000 | 00872nam a2200193Ii 4500 | ||
|---|---|---|---|
| 003 | JO-AjNU | ||
| 008 | 230605s9999||||xx |||||||||||||| ||und|| | ||
| 040 |
_aJO-AjNU _bara _erda _cJO-AjNU |
||
| 041 | _aara | ||
| 050 | 1 | 4 | _aDS154.52.N32.S94 1997 |
| 100 | 3 |
_aالمركز الاردني للدراسات والمعلومات, _eauthor _949976 |
|
| 245 | 0 | 0 | _aسليمان النابلسي: قراءة في سيرته وتجربته : وقائع ندوة 1997 |
| 264 | 3 | 1 | _aعمان: المركز الاردني للدراسات والمعلومات، 1997 |
| 300 |
_a241ص _bيحتوي على ببلوغرافيا من ص 240-ص241 |
||
| 336 |
_atext _btxt _2rdacontent |
||
| 337 |
_aunmediated _bn _2rdamedia |
||
| 338 |
_avolume _bnc _2rdacarrier |
||
| 650 | 4 |
_aالسياسيون الاردنيون - تراجم - تاريخ الاردن- سياسة وحكومة _949977 |
|
| 999 |
_aA21985 _c25553 _d25553 |
||